Asphalt Material Characterization, Accelerated Testing, and Highway Management : Selected Papers from the 2009 GeoHunan International Conference /

Bibliographic Details
Other Authors: Walubita, Lubinda F., Plessis, Louw du, Huang, Shin-Che, Simate, Geoffrey S., Liu, Zhaohui
Format: eBook
Published: Reston, VA : American Society of Civil Engineers, 2009.
Series:Geotechnical Special Publications.
Subjects:
Online Access:Connect to the full text of this electronic book

MARC

Tag First Indicator Second Indicator Subfields
LEADER 00000cam a22000005u 4500
001 in00002786974
005 20190331170705.0
006 m o d
007 cr nn 008mam|a
008 090717t2009 gw fo || 0 0 |||||
020 |a 9780784410424 
035 |a (American Society of Civil Eng)10.1061/9780784410424 
040 |d UtOrBLW 
245 0 0 |a Asphalt Material Characterization, Accelerated Testing, and Highway Management :  |b Selected Papers from the 2009 GeoHunan International Conference /  |c Edited by Lubinda F. Walubita, Louw du Plessis, Shin-Che Huang, Geoffrey S. Simate, Zhaohui Liu. 
264 1 |a Reston, VA :  |b American Society of Civil Engineers,  |c 2009. 
300 |a 1 online resource. 
336 |a text  |b txt  |2 rdacontent 
337 |a computer  |b c  |2 rdamedia 
338 |a online resource  |b cr  |2 rdacarrier 
490 1 |a Geotechnical Special Publications 
500 |a Electronic resource. 
653 |a Proceedings  |a Geo-Institute (G-I)  |a Geotechnics  |a Asphalts  |a Pavements  |a Highways and roads  |a Available in Print 
655 7 |a Electronic books.  |2 local 
700 1 |a Walubita, Lubinda F. 
700 1 |a Plessis, Louw du. 
700 1 |a Huang, Shin-Che. 
700 1 |a Simate, Geoffrey S. 
700 1 |a Liu, Zhaohui. 
730 0 |a ASCE Library. 
830 0 |a Geotechnical Special Publications. 
856 4 0 |u http://proxy.library.tamu.edu/login?url=http://ascelibrary.org/action/showBook?doi=10.1061%2F9780784410424  |z Connect to the full text of this electronic book  |t 0 
999 |a MARS 
999 f f |s 36f7b209-e1e0-33cd-b77f-565beb5c1715  |i 4ea7707b-87a1-398e-b446-63a2cd74ec61  |t 0 
952 f f |a Texas A&M University  |b College Station  |c Electronic Resources  |d Available Online  |t 0  |h No information provided 
998 f f |t 0  |l Available Online